| 000 | 00397nam a2200157Ia 4500 | ||
|---|---|---|---|
| 008 | 230312s9999||||xx |||||||||||||| ||und|| | ||
| 020 | _a0-596-00748-5 | ||
| 082 |
_a004.16 _bASP-P |
||
| 100 | _aAspinwall Jim | ||
| 245 | 0 | _aPC HACKS | |
| 260 |
_bO'REILLY _aBejing _c2005 |
||
| 300 | _a285 | ||
| 546 | _aEng. | ||
| 650 |
_aComputer _vBasic system Board Hacks, Basic system board setup |
||
| 942 | _cBK | ||
| 999 |
_c3430 _d3430 |
||